000 00509nam a2200181Ia 4500
005 20250508163008.0
008 008 250505s9999 xx 000 0 hin d
037 _aTextual
040 _aFEDL
_beng
_cFEDL
041 _ahin
_2hin
084 _a415, CHO
_qFEDL
100 _aChomski Noam
_9774541
245 0 _aVakyavinyas ka saidhantik paksh
260 _aJaipur, India
_bRajasthan Hindi Granth Akademi
_c1953
300 _aiii,257p
942 _cTEXL
_h415, CHO
999 _c1380008
_d1380008